Talahulugan Sa Istenong Filipino Ikalawang Aklat (Record no. 82129)
[ view plain ]
| 000 -LEADER | |
|---|---|
| fixed length control field | 00649nam a22002057a 4500 |
| 003 - CONTROL NUMBER IDENTIFIER | |
| control field | URS |
| 005 - DATE AND TIME OF LATEST TRANSACTION | |
| control field | 20250219181113.0 |
| 008 - FIXED-LENGTH DATA ELEMENTS--GENERAL INFORMATION | |
| fixed length control field | 250219b |||||||| |||| 00| 0 eng d |
| 020 ## - INTERNATIONAL STANDARD BOOK NUMBER | |
| International Standard Book Number | ISBN 9789718219843 |
| 040 ## - CATALOGING SOURCE | |
| Transcribing agency | URS |
| 100 1# - MAIN ENTRY--PERSONAL NAME | |
| Personal name | ROMERO, ETHELMAY R. |
| Relator term | author |
| 245 10 - TITLE STATEMENT | |
| Title | Talahulugan Sa Istenong Filipino Ikalawang Aklat |
| Statement of responsibility, etc | Ethelmay R. Romero |
| 250 ## - EDITION STATEMENT | |
| Edition statement | 2nd ed |
| 264 ## - PUBLICATION, DISTRIBUTION, ETC. (IMPRINT) | |
| Place of publication, distribution, etc | 105 Engineering Road, Araneta University Village, Potrero, Malabon City |
| Name of publisher, distributor, etc | Mutya Publishing House, Inc. |
| Date of publication, distribution, etc | 2022 |
| 300 ## - PHYSICAL DESCRIPTION | |
| Extent | v, 71 p. |
| 336 ## - CONTENT TYPE | |
| Source | rdacontent |
| Content type term | text |
| Content type code | txt |
| 337 ## - MEDIA TYPE | |
| Source | rdamedia |
| Media type term | unmediared |
| Media type code | n |
| 338 ## - CARRIER TYPE | |
| Source | rdacarrier |
| Carrier type term | volume |
| Carrier type code | nc |
| 942 ## - ADDED ENTRY ELEMENTS (KOHA) | |
| Source of classification or shelving scheme | Library of Congress Classification |
| Koha item type | Filipiniana |
| Withdrawn status | Lost status | Source of classification or shelving scheme | Damaged status | Not for loan | Home library | Current library | Shelving location | Date acquired | Total Checkouts | Full call number | Barcode | Date last seen | Price effective from | Koha item type |
|---|---|---|---|---|---|---|---|---|---|---|---|---|---|---|
| Library of Congress Classification | Angono College Library | Angono College Library | Filipiniana Section | 02/23/2026 | Z 53 .R6643 2022 | URSANG-7679 | 02/23/2026 | 02/23/2026 | Filipiniana | |||||
| Library of Congress Classification | Tanay College Library | Tanay College Library | Reserve Section | 12/27/2024 | Z 53 R6645 2022 | URSTAN-N5400 | 02/13/2025 | 02/13/2025 | Filipiniana | |||||
| Library of Congress Classification | Tanay College Library | Tanay College Library | Reserve Section | 12/27/2024 | Z 53 R6645 2022 | URSTAN-N5401 | 02/13/2025 | 02/13/2025 | Filipiniana | |||||
| Library of Congress Classification | Tanay College Library | Tanay College Library | Reserve Section | 12/27/2024 | Z 53 R6645 2022 | URSTAN-N5402 | 02/13/2025 | 02/13/2025 | Filipiniana |